000 00718nam a22002297a 4500
003 OSt
005 20240530073925.0
008 210310b 2020 dr f 00| 0 eng d
020 _a9789945925609
040 _aDO-SdBNP
_bspa
_cBNPHU
082 4 _aRD863.5
_bM857p
_222
100 1 _aMorilla, Neris
_975247
245 1 0 _aLas peripecias de Apolo /
_cNeris Morilla Lantigua
260 _aTenares,
_bPapelmaché,
_c2020.
300 _a162 p. ;
_c21 cm.
500 _aIncluye datos biográficos de la autora en la solapa de la cubierta.
590 _aInventariado, 2021 /LP
650 0 _aNovela dominicana
_9223
650 4 _aLiteratura dominicana
_978799
910 _aValidado. Control de calidad MFF
942 _2ddc
_cLBS1
999 _c49534
_d49534